LEADER 01666nam 2200469 450 001 000000086 005 20070503173600.0 010 $a88-404-2007-x 100 $a--------d1986----km-y0itay0103----ba 101 0 $aita 102 $aIT 200 1 $aIscrizioni cristiane di Roma$etestimonianze di vita cristiana, (secoli III-VII)$fa cura di Carlo Carletti 200 1 $a1 $n0007452 210 $aFirenze$cNardini - Centro internazionale del libro$dc. 1986 215 $a181 p.$d21 cm. 225 1 $aBiblioteca patristica$v7) 300 $aTitolo in copertina: Iscrizioni cristiane a Roma 606 $aEpitaffi$xRoma antica$zSec. 3.-7. 676 $a929.5 702 1$aCarletti,$bCarlo 801 0$aIT$bUniversità della Basilicata - B.I.A.$gRICA$2unimarc 912 $a000000086 996 $aIscrizioni cristiane di Roma$969403 997 $aUNIBAS BAS $aMONLET BAS $aMONOGR BAS $aLETTERE CAT $aTROMBONE$b10$c19990316$lBAS01$h1157 CAT $aTROMBONE$b10$c19990316$lBAS01$h1254 CAT $aTROMBONE$b10$c19990316$lBAS01$h1736 CAT $aTROMBONE$b20$c19990518$lBAS01$h1550 CAT $aTROMBONE$b20$c19990518$lBAS01$h1550 CAT $c20000920$lBAS01$h1827 CAT $c20001010$lBAS01$h1630 CAT $c20050601$lBAS01$h1752 CAT $abatch$b01$c20050718$lBAS01$h1046 CAT $c20050718$lBAS01$h1105 CAT $c20050718$lBAS01$h1135 CAT $c20050718$lBAS01$h1150 CAT $aBATCH$b00$c20070503$lBAS01$h1736 FMT Z30 -1$lBAS01$LBAS01$mBOOK$1BASA1$APolo Storico-Umanistico$2GEN$BCollezione generale$3FP/85850$685850$5L85850$819990316$f02$FPrestabile Generale